Zhodnotenie vplyvu inovačných aktivít na výkonnosť podniku

Zhodnotenie vplyvu inovačných aktivít na výkonnosť podniku so zreteľom na výhodnosť zavedenia inovácií z hľadiska ich vplyvu na zvyšovanie finančnej výkonnosti podniku.

Enregistré dans:
Détails bibliographiques
Auteur principal: Kicová, Marianna
Format: Chapitre de livre
Langue:slovaque
Sujets:
Tags: Ajouter un tag
Pas de tags, Soyez le premier à ajouter un tag!

MARC

LEADER 00000naa a2200000 4500
001 0235578
005 20240502073817.6
041 0 |a slo 
044 |a SK 
245 1 0 |a Zhodnotenie vplyvu inovačných aktivít na výkonnosť podniku  |c Marianna Kicová 
520 |a Zhodnotenie vplyvu inovačných aktivít na výkonnosť podniku so zreteľom na výhodnosť zavedenia inovácií z hľadiska ich vplyvu na zvyšovanie finančnej výkonnosti podniku. 
610 2 0 |a stratégia informačná 
610 2 0 |a stratégia podniková 
610 2 0 |a stratégia podnikateľská 
610 2 0 |a výkonnosť inovačná 
610 2 0 |a výkonnosť podniku 
610 2 0 |a situácia finančná podniku 
100 1 |a Kicová, Marianna